highest grossing cop movies - Statistics

General Stats
  • This quiz has been taken 23 times
  • The average score is 10 of 15
Answer Stats
year starring gross film % Correct
1984 Eddie Murphy $629 million Beverly Hills Cop
95%
1991 Jodie Foster $290 million The Silence of the Lambs
95%
1989 Danny Glover $347 million Lethal Weapon 2
86%
2001 Anthony Hopkins $273 million Hannibal
81%
1992 Mel Gibson $326 million Lethal Weapon 3
81%
1998 Chris Tucker $280 million Rush Hour
81%
1992 Sharon Stone $265 million Basic Instinct
76%
1994 Keanu Reeves $271 million Speed
76%
1990 Bruce Willis $260 million Die Hard 2
71%
2001 Jackie Chan $374 million Rush Hour 2
67%
1993 Harrison Ford $416 million The Fugitive
62%
1982 Nick Nolte $238 million 48 Hrs.
48%
1987 Judge Reinhold $368 million Beverly Hills Cop II
48%
1997 John Travolta $229 million Face/Off
43%
1998 Joe Pesci $260 million Lethal Weapon 4
33%
No matching quizzes found
Score Distribution
Percent of People with Each Score
Percentile by Number Answered
Your Score History
You have not taken this quiz